[Event "Wch Blitz"]
[Site "Doha"]
[Date "2016.12.30"]
[Round "19"]
[White "Anton Guijarro, David"]
[Black "Tari, Aryan"]
[Result "1-0"]
[WhiteElo "2650"]
[BlackElo "2584"]
[PlyCount "57"]
[EventDate "2016.12.29"]
[EventType "swiss (blitz)"]
[EventRounds "21"]
[EventCountry "QAT"]
[SourceTitle "CBM 176 Extra"]
[Source "ChessBase"]
[SourceDate "2017.03.02"]
[SourceVersion "1"]
[SourceVersionDate "2017.03.02"]
[SourceQuality "1"]

1. Nf3 d5 2. b3 Bg4 3. e3 Nd7 4. Bb2 Ngf6 5. d3 e6 6. Nbd2 Bd6 7. h3 Bh5 8. g4 Bg6 9. Nh4 O-O ({RR} 9... a5 10. a3 Qe7 11. Bg2 Be5 12. d4 Bd6 13. Nxg6 hxg6 14. c4 c6 15. g5 Nh5 16. h4 f6 17. Qg4 f5 18. Qe2 a4 19. b4 Kf7 20. Rh3 Rab8 21. c5 Bc7 22. f4 b6 23. cxb6 Bxb6 24. Rc1 {Mao,F (2132)-Ilinca,F (2371) chess.com INT 2024 0-1 (39)}) 10. g5 $146 ({RR} 10. Nxg6 fxg6 11. Bg2 c6 12. Qe2 a5 13. O-O a4 14. f4 e5 15. fxe5 Nxe5 16. d4 Nf7 17. e4 dxe4 18. Nxe4 Nxe4 19. Qxe4 Qh4 20. Qd3 g5 21. Bc3 Bf4 22. Be1 Qh6 23. Bb4 Rfd8 24. Rae1 Qf6 {Lovric,B (2340)-Bukal,V (2435) Tucepi 1996 ½-½ (37)}) 10... Ne8 11. Nxg6 fxg6 12. h4 Be5 13. d4 Bd6 14. f4 c5 15. c3 e5 16. dxe5 Nxe5 17. fxe5 Bxe5 18. Qg4 Qd6 19. O-O-O Qe7 20. Bg2 Nc7 21. Rhf1 b5 22. Kb1 Rfe8 23. e4 b4 24. c4 Bxb2 25. Kxb2 dxc4 26. Nxc4 Nb5 27. Rd7 Qe6 28. Qxe6+ Rxe6 29. Rff7 1-0

[Event "Wch Blitz"]
[Site "Doha"]
[Date "2016.12.30"]
[Round "19"]
[White "Vitiugov, Nikita"]
[Black "Dreev, Alexey"]
[Result "1-0"]
[WhiteElo "2726"]
[BlackElo "2652"]
[PlyCount "49"]
[EventDate "2016.12.29"]
[EventType "swiss (blitz)"]
[EventRounds "21"]
[EventCountry "QAT"]
[SourceTitle "CBM 176 Extra"]
[Source "ChessBase"]
[SourceDate "2017.03.02"]
[SourceVersion "1"]
[SourceVersionDate "2017.03.02"]
[SourceQuality "1"]

1. Nf3 d5 2. g3 c6 3. Bg2 Bg4 4. h3 Bh5 5. O-O e6 6. d4 ({RR} 6. d3 Nd7 7. e4 Bd6 8. exd5 exd5 9. c4 Ne7 10. Nc3 Nb6 11. Qb3 f6 12. cxd5 Bf7 13. Nd4 O-O 14. Ne6 Bxe6 15. dxe6 Be5 16. Rd1 Bd4 17. Ne2 Kh8 18. Nxd4 Qxd4 19. Be3 Qd6 20. Rac1 Rfd8 {Fressinet,L (2687)-Dreev,A (2664) Almaty 2016 1-0 (87)}) 6... Nf6 ({RR} 6... Nd7 7. Nbd2 Bd6 8. e4 Ne7 9. Re1 O-O 10. c4 a5 11. b3 a4 12. Bb2 Bb4 13. Re3 Qa5 14. g4 Bg6 15. a3 Bxd2 16. Nxd2 axb3 17. Nxb3 Qa4 18. cxd5 cxd5 19. Nd2 Rfc8 20. exd5 Nxd5 21. Bxd5 {Moussard,J (2684)-Firouzja,A (2785) chess.com INT 2023 0-1 (47)}) 7. c4 Be7 8. Nc3 dxc4 $146 ({RR} 8... O-O 9. Ne5 Nbd7 10. g4 Bg6 11. Nxg6 hxg6 12. Qd3 Qc7 13. Rd1 Rad8 14. b3 Qa5 15. Bd2 Qa6 16. Be1 dxc4 17. Qxc4 Qxc4 18. bxc4 Nb6 19. Rab1 Rd7 20. c5 Nbd5 21. Nxd5 Nxd5 22. e3 Bf6 23. Rb3 {Deac,B (2690)-Stevic,H (2541) Zagreb CRO 2023 1-0 (35)}) ({RR} 8... Nbd7 9. cxd5 cxd5 10. Ne5 O-O 11. Qb3 Nxe5 12. dxe5 Nd7 13. Qxb7 Nxe5 14. Bf4 Nc4 15. b3 Nd6 16. Qa6 Qc8 17. Qd3 Bg6 18. Qd2 Rd8 19. Rac1 Qa6 20. Na4 Rac8 21. Be5 Ne4 22. Qb2 f6 23. Bc7 {Gonda,L (2474)-Bochnicka,V (2348) Slovakia SVK 2025 ½-½ (60)}) ({RR} 8... O-O 9. g4 Bg6 10. Ne5 Nbd7 11. Nxg6 hxg6 12. Qd3 Qa5 13. cxd5 exd5 14. Bf4 Rfe8 15. g5 Nh5 16. Bd2 Qb6 17. h4 Nf8 18. Bh3 Bd6 19. e3 Ne6 20. Rab1 a5 21. Kg2 Qa6 22. Qxa6 Rxa6 23. f4 {Gorovets,A (2481)-Murzin,V (2627) Samarkand UZB 2023 0-1 (67)}) 9. Ne5 Nbd7 10. Nxc4 O-O 11. Qb3 Nb6 12. Na5 Qd7 13. Rd1 Nfd5 14. g4 Bg6 15. e4 Nxc3 16. bxc3 f6 17. c4 Qc7 18. c5 Nc8 19. Qxb7 Qxa5 20. Qxa8 Qa4 21. Bf4 e5 22. dxe5 fxe5 23. Bxe5 Bxc5 24. Qb7 Ne7 25. Qb3+ 1-0

[Event "Titled Tuesday intern op 3rd Jan 10am"]
[Site "Chess.com INT"]
[Date "2017.01.03"]
[Round "8"]
[White "Amin, Bassem"]
[Black "Ehlvest, Jaan"]
[Result "1-0"]
[WhiteElo "2666"]
[BlackElo "2536"]
[PlyCount "50"]
[EventDate "2017.01.03"]
[EventType "swiss (blitz)"]
[EventRounds "9"]
[EventCountry "USA"]
[SourceTitle "EXT 2021"]
[Source "ChessBase"]
[SourceDate "2020.10.23"]
[SourceVersion "1"]
[SourceVersionDate "2020.10.23"]
[SourceQuality "1"]

1. e4 c5 2. Nf3 Nc6 3. d3 g6 4. g3 Bg7 5. Bg2 d6 6. O-O e5 7. c3 Nge7 8. a3 O-O 9. b4 b6 10. Nbd2 Be6 ({RR} 10... h6 11. Nc4 Be6 12. b5 Nb8 13. a4 Qc7 14. Ne3 Nd7 15. d4 Nf6 16. d5 Bd7 17. Nd2 a6 18. Rb1 axb5 19. axb5 Ra5 20. c4 Nh7 21. Bb2 Ra2 22. Nb3 f5 23. Nc1 Raa8 24. exf5 Nxf5 25. Nxf5 {Anton Guijarro,D (2688)-Vachier Lagrave,M (2778) Chess.com INT 2020 0-1 (90)}) ({RR} 10... Ba6 11. c4 Bb7 12. b5 Nb8 13. Bb2 Nd7 14. Ne1 f5 15. exf5 Bxg2 16. Nxg2 Nxf5 17. Ne4 Nf6 18. Nxf6+ Bxf6 19. a4 a5 20. bxa6 Rxa6 21. Qb3 Qd7 22. Qb5 Qa7 23. Ne3 Nxe3 24. fxe3 Qb7 25. Bc3 {Amin,B (2695)-Paehtz,E (2467) Tornelo INT 2021 ½-½ (53)}) 11. Bb2 ({RR} 11. b5 Na5 12. c4 h6 13. Nb3 Nxb3 14. Qxb3 Rb8 15. a4 f5 16. Bd2 f4 17. a5 g5 18. Rfb1 Ng6 19. axb6 axb6 20. Ra7 Bg4 21. Ne1 fxg3 22. fxg3 Qf6 23. Be3 h5 24. Rb2 Bh6 25. Rf2 Qe6 {Golding,A (2405)-Thomas,A (2144) chess.com INT 2024 1-0 (32)}) 11... h6 12. Nc4 a6 $146 ({RR} 12... b5 13. Ne3 a5 14. Qd2 axb4 15. axb4 Qb6 16. Rfc1 Rfd8 17. Ne1 cxb4 18. cxb4 Nd4 19. Rxa8 Rxa8 20. Rc3 Ra2 21. Ra3 Rxa3 22. Bxa3 Nec6 23. Nf3 Qa6 24. Bb2 Qa4 25. Bc3 Qb3 26. Nd5 Nc2 27. Ne1 {Shristi,J (1909)-Nguyen Thi Mai,H (2222) Kocaeli 2013 0-1 (41)}) ({RR} 12... b5 13. Ne3 cxb4 14. axb4 a5 15. bxa5 Rxa5 16. d4 Rxa1 17. Qxa1 exd4 18. cxd4 d5 19. e5 b4 20. Rc1 Qa5 21. Qxa5 Nxa5 22. Rc5 Nc4 23. Nd1 Ra8 24. Ne1 Nxb2 25. Nxb2 Ra1 26. Kf1 Nf5 27. Bxd5 {Amin,B (2560)-Gelfand,B (2719) Almaty 2008 0-1 (40)}) 13. Re1 Rc8 14. Ne3 Qd7 15. d4 cxd4 16. cxd4 exd4 17. Nxd4 Rfe8 18. Qd2 Nxd4 19. Bxd4 Nc6 20. Bxg7 Kxg7 21. Rad1 Red8 22. f4 Qa7 23. f5 Bd7 24. Ng4 b5+ 25. Kh1 Rh8 1-0

[Event "PRO League Pacific"]
[Site "Chess.com INT"]
[Date "2017.01.25"]
[Round "3"]
[White "Petrosian, Tigran L"]
[Black "Holt, Conrad"]
[Result "1-0"]
[WhiteElo "2592"]
[BlackElo "2567"]
[PlyCount "71"]
[EventDate "2017.01.11"]
[EventType "team-swiss (rapid)"]
[EventRounds "7"]
[EventCountry "USA"]
[SourceTitle "CBM 176 Extra"]
[Source "ChessBase"]
[SourceDate "2017.03.02"]
[SourceVersion "1"]
[SourceVersionDate "2017.03.02"]
[SourceQuality "1"]
[WhiteTeam "Seattle Sluggers"]
[BlackTeam "Dallas Destiny"]
[WhiteTeamCountry "USA"]
[BlackTeamCountry "USA"]

1. Nf3 d5 2. g3 Bg4 3. Bg2 Nd7 4. c4 e6 5. cxd5 exd5 6. Qb3 Nc5 7. Qc2 Bd6 ({RR} 7... Nf6 8. O-O Bd6 9. d3 O-O 10. h3 Bxf3 11. Bxf3 Ne6 12. e3 Qd7 13. Bg2 Rac8 14. Nd2 c5 15. b3 Qc7 16. Nf3 b5 17. Bb2 Nd7 18. Nh4 Nb6 19. Nf5 Rfd8 20. Qe2 Bf8 21. a4 g6 22. Nh4 {Grischuk,A (2752)-Wang,H (2736) Beijing 2011 1-0}) ({RR} 7... c6 8. O-O Ne6 9. e3 Bd6 10. b3 Ne7 11. Bb2 h5 12. h3 Bf5 13. d3 Nc5 14. e4 dxe4 15. dxe4 Bxe4 16. Qe2 Bd3 17. Qe3 Bxf1 18. Bxf1 Ne6 19. Nc3 Qb6 20. Qe2 O-O-O 21. Na4 Qc7 22. Rc1 {Vardanyan,A (2314)-Szpar,M (2512) chess.com INT 2024 0-1}) 8. Nc3 Nf6 9. O-O O-O $146 ({RR} 9... c6 10. b4 Ncd7 11. Rb1 O-O 12. d3 Re8 13. Re1 Rc8 14. Bd2 h6 15. Qb3 Ne5 16. Nd4 Qd7 17. Na4 b6 18. Nc3 Bh3 19. Bh1 h5 20. Bg5 Nh7 21. Bf4 Nxd3 22. exd3 Bxf4 23. b5 c5 24. Nxd5 {Cheng,B (2397)-Feng,M (2164) Chess.com INT 2017 1-0 (33)}) 10. d4 Ne6 11. Rd1 c6 12. Nh4 Re8 13. Be3 Bh5 14. Qf5 g6 15. Qd3 Ng4 16. Bc1 Nxh2 17. Re1 Ng4 18. e4 Qf6 19. Nf3 Bb4 20. Bd2 Rad8 21. Nxd5 cxd5 22. Bxb4 dxe4 23. Rxe4 Qf5 24. Rae1 Nf6 25. Nh4 Qg5 26. Bd2 Nxe4 27. Bxg5 N4xg5 28. d5 Nc5 29. Rxe8+ Rxe8 30. Qc3 Nge4 31. Qd4 b6 32. b4 Nxg3 33. fxg3 Re1+ 34. Kh2 Nd7 35. d6 Bg4 36. Qxg4 1-0

[Event "PRO League Pacific"]
[Site "Chess.com INT"]
[Date "2017.01.25"]
[Round "3"]
[White "Petrosian, Tigran L"]
[Black "Sadorra, Julio Catalino"]
[Result "1-0"]
[WhiteElo "2592"]
[BlackElo "2587"]
[PlyCount "81"]
[EventDate "2017.01.11"]
[EventType "team-swiss (rapid)"]
[EventRounds "7"]
[EventCountry "USA"]
[SourceTitle "CBM 176 Extra"]
[Source "ChessBase"]
[SourceDate "2017.03.02"]
[SourceVersion "1"]
[SourceVersionDate "2017.03.02"]
[SourceQuality "1"]
[WhiteTeam "Seattle Sluggers"]
[BlackTeam "Dallas Destiny"]
[WhiteTeamCountry "USA"]
[BlackTeamCountry "USA"]

1. Nf3 d5 2. g3 Nc6 3. Bg2 e5 4. O-O e4 5. Ne1 Nf6 6. d3 Bf5 7. c3 ({RR} 7. Bg5 Be7 8. Nd2 Ng4 9. Bxe7 Qxe7 10. h3 Nf6 11. c3 e3 12. fxe3 Qxe3+ 13. Kh2 Be6 14. Nef3 h6 15. Nb3 O-O-O 16. Nfd4 Bd7 17. Nxc6 Bxc6 18. Nd4 Bd7 19. Rf3 Qe5 20. Qd2 c5 21. Nb3 Qc7 {Hariharan,S (2024)-Reprintsev,A (2257) chess.com INT 2025 0-1 (58)}) 7... Qd7 8. Bg5 O-O-O $146 ({RR} 8... Be7 9. Nc2 Bh3 10. Bxf6 Bxf6 11. dxe4 Bxg2 12. Kxg2 dxe4 13. Qxd7+ Kxd7 14. Rd1+ Kc8 15. Nd2 Re8 16. a4 a5 17. Nc4 Ne5 18. N2e3 Nxc4 19. Nxc4 b6 20. Rd5 Kb7 21. Rd7 Rf8 22. Rad1 Rad8 23. g4 {Petrosian,T (2629)-Mista,A (2609) Warsaw 2014 1-0 (45)}) 9. dxe4 dxe4 10. Qxd7+ Rxd7 11. Bxf6 gxf6 12. Nc2 Kb8 13. b4 Bg6 14. Nba3 Bh6 15. Rad1 Bd2 16. Nb1 Rhd8 17. e3 Rd3 18. b5 Ne5 19. Nd4 Nc4 20. Nxd2 Nxd2 21. Rfe1 f5 22. Kh1 Bh5 23. Rc1 Rd5 24. Rc2 Rc5 25. Rec1 Bf3 26. c4 Rxc4 27. Rxc4 Nxc4 28. Nxf3 exf3 29. Bf1 Ne5 30. Bxd3 Nxd3 31. Rc2 Kc8 32. Kg1 b6 33. Rc6 Kd7 34. Rh6 Ne5 35. Rxh7 c5 36. bxc6+ Kxc6 37. h4 b5 38. h5 b4 39. Rg7 a5 40. h6 a4 41. h7 1-0

[Event "PRO League Stage"]
[Site "Chess.com INT"]
[Date "2017.02.22"]
[Round "7"]
[White "Amin, Bassem"]
[Black "Stripunsky, Alexander"]
[Result "1-0"]
[WhiteElo "2666"]
[BlackElo "2536"]
[PlyCount "107"]
[EventDate "2017.01.11"]
[EventType "team-swiss (rapid)"]
[EventRounds "7"]
[EventCountry "USA"]
[SourceTitle "EXT 2018"]
[Source "ChessBase"]
[SourceDate "2017.10.13"]
[SourceVersion "1"]
[SourceVersionDate "2017.10.13"]
[SourceQuality "1"]
[WhiteTeam "Miami Champions"]
[BlackTeam "New Jersey Knockouts"]
[WhiteTeamCountry "USA"]
[BlackTeamCountry "USA"]

1. e4 c5 2. Nf3 e6 3. d3 d5 4. Nbd2 Nc6 5. g3 Nf6 6. Bg2 g6 7. O-O Bg7 8. Re1 O-O 9. c3 a5 10. a4 b6 11. Nb1 ({RR} 11. exd5 exd5 12. Nf1 h6 13. Bf4 Nh5 14. Ne5 Bb7 15. Nxc6 Bxc6 16. Be5 Bxe5 17. Rxe5 Qd6 18. d4 Rfe8 19. Qd2 Kg7 20. Rae1 Nf6 21. Qf4 cxd4 22. Qxd4 Qc5 23. Qf4 Qd6 24. b3 Rxe5 25. Qxe5 Qxe5 {Fressinet,L (2717)-Vitiugov,N (2742) Dubai 2014 ½-½ (46)}) ({RR} 11. exd5 exd5 12. Nb1 Ba6 13. Na3 Rc8 14. Nb5 Bxb5 15. axb5 Nb8 16. Ne5 Nbd7 17. Nc6 Qc7 18. Bf4 Qb7 19. Ne7+ Kh8 20. Nxc8 Qxc8 21. Re7 Ng8 22. Re2 Ngf6 23. Qd2 Nh5 24. Bh6 Qd8 25. Bxg7+ Kxg7 {Klenburg,M (2331)-Ivanov,A (2068) chess.com INT 2024 1-0}) 11... Ba6 ({RR} 11... e5 12. exd5 Nxd5 13. Na3 h6 14. Nc4 Re8 15. h4 Bg4 16. Qc2 Ra7 17. Nh2 Be6 18. Qe2 f5 19. h5 gxh5 20. Qxh5 Nf6 21. Qh4 Bd5 22. Bxd5+ Nxd5 23. Qxd8 Rxd8 24. Ra3 Re7 25. Nf1 Re6 26. Kg2 {Amin,B (2681)-Ternault,M (2367) Chartres 2022 1-0 (70)}) 12. e5 Nd7 13. Bf4 h6 $146 ({RR} 13... b5 14. axb5 Bxb5 15. c4 Ba6 16. cxd5 exd5 17. e6 fxe6 18. Ng5 Nb4 19. Nxe6 Qb6 20. Nxf8 Rxf8 21. Nc3 Nf6 22. d4 cxd4 23. Na4 Qb5 24. Bd6 Rd8 25. Be7 Re8 26. Bxb4 Qxb4 27. Rxe8+ Nxe8 28. Bxd5+ {Baltic,F (2390)-Irkilmez,Y (2307) Playchess.com INT 2020 1-0 (58)}) ({RR} 13... f6 14. exf6 Qxf6 15. Qd2 e5 16. Bg5 Qxf3 17. Bxf3 Rxf3 18. Qd1 Raf8 19. Nd2 Rxd3 20. Re3 Rf5 21. Rxd3 Bxd3 22. g4 Rxg5 23. h4 Bc2 24. Qe2 Bd3 25. Qxd3 Rxg4+ 26. Kf1 Ne7 27. Qb5 Nf6 28. Nf3 {Amin,B (2661)-Grandelius,N (2641) Baku 2016 1-0 (34)}) 14. h4 f6 15. exf6 Qxf6 16. Na3 Rae8 17. Nb5 e5 18. Nc7 Rd8 19. Bc1 Bb7 20. Nxd5 Qf7 21. c4 Nb4 22. Nxb4 cxb4 23. Re3 Nc5 24. Qe2 Qc7 25. Nd2 Bxg2 26. Kxg2 Qc6+ 27. Ne4 Nxa4 28. Rf3 Nc5 29. Nxc5 Qxc5 30. Rxf8+ Rxf8 31. Be3 Qc6+ 32. Kg1 Rd8 33. Qc2 Bf8 34. b3 Kh7 35. Rd1 Bc5 36. Qe2 Bxe3 37. Qxe3 Qd6 38. Qe4 Qd4 39. Qxd4 Rxd4 40. f3 Kg7 41. Kf2 Kf6 42. Ke3 Rd8 43. f4 exf4+ 44. Kxf4 Re8 45. d4 Re2 46. d5 Ke7 47. Rd3 Kd6 48. Re3 Rf2+ 49. Kg4 Kc5 50. Re6 a4 51. Rc6+ Kd4 52. d6 axb3 53. d7 Kc3 54. d8=Q 1-0

[Event "ARM-ch 1st League 79th"]
[Site "Yerevan"]
[Date "2017.01.16"]
[Round "5"]
[White "Petrosian, Tigran L"]
[Black "Martirosyan, Haik M"]
[Result "1-0"]
[WhiteElo "2592"]
[BlackElo "2516"]
[PlyCount "191"]
[EventDate "2017.01.12"]
[EventType "tourn"]
[EventRounds "9"]
[EventCountry "ARM"]
[EventCategory "14"]
[SourceTitle "CBM 177"]
[Source "ChessBase"]
[SourceDate "2017.03.16"]
[SourceVersion "1"]
[SourceVersionDate "2017.03.16"]
[SourceQuality "1"]

1. Nf3 Nf6 2. g3 b5 3. Bg2 Bb7 4. Na3 a6 5. c4 e6 6. cxb5 Bxa3 7. bxa6 Rxa6 8. bxa3 O-O ({RR} 8... d6 9. O-O Nbd7 10. d3 O-O 11. Bb2 Qa8 12. Rc1 c5 13. e4 Rb8 14. Rc2 Bc6 15. Qa1 h6 16. h4 Ra4 17. Re1 Qa6 18. Bf1 Bb5 19. e5 Ne8 20. exd6 Bxd3 21. Ne5 Nxe5 22. Bxe5 Rd8 23. Bxd3 {Jones,G (2618)-Kramnik,V (2753) chess.com INT 2023 1-0 (49)}) 9. O-O d6 $146 ({RR} 9... Nc6 10. d3 Qa8 11. Bb2 Rb8 12. e4 Ne8 13. Qc2 Na7 14. Nd4 d6 15. f4 c5 16. Nb3 Nb5 17. f5 e5 18. Nd2 Nxa3 19. Bxa3 Rxa3 20. Nc4 Ra6 21. Rfb1 Bc6 22. Rxb8 Qxb8 23. Rb1 Qc7 24. a3 {Bartholomew,J (2443)-Vibbert,S (2313) Las Vegas 2015 ½-½ (35)}) ({RR} 9... c5 10. Qc2 d6 11. Bb2 Nbd7 12. d3 Nb6 13. Rab1 Bc6 14. e4 c4 15. Nd4 Ba4 16. Qe2 d5 17. e5 Nfd7 18. Bc3 Nc5 19. dxc4 Nxc4 20. Bb4 Qc7 21. Nb3 Rc6 22. Nxc5 Rxc5 23. Bxc5 Qxc5 24. Rb4 {Lie,E (2457)-Grave,J (2195) Drammen NOR 2023 1-0}) 10. d3 c5 11. Rb1 Ba8 12. e4 Nc6 13. Bb2 e5 14. Nd2 Nd7 15. f4 Nd4 16. fxe5 dxe5 17. Nc4 Qe7 18. a4 Nb6 19. Bxd4 Nxc4 20. Bf2 Nb6 21. a5 Nd7 22. Be1 Ra7 23. Qa4 Bb7 24. Qa3 Ba6 25. Bf2 Qd6 26. Rfd1 Rc7 27. d4 exd4 28. Bxd4 Qe6 29. Bc3 Bc4 30. Qb2 Bxa2 31. Ra1 Bc4 32. e5 Nb8 33. Rd6 Qg4 34. Re1 Qc8 35. Rb1 Nc6 36. Qb6 Nd4 37. Bxd4 cxd4 38. Rxd4 Be2 39. h4 Rc2 40. Rb2 Rxb2 41. Qxb2 Qc5 42. Qb6 Qxe5 43. Rd8 g6 44. Rxf8+ Kxf8 45. Kh2 Qa1 46. Bb7 Qa2 47. Qf2 Qe6 48. Qc5+ Kg7 49. Qd4+ Kg8 50. Qd8+ Kg7 51. Qd4+ Kg8 52. Bd5 Qf5 53. Qe4 Qf2+ 54. Qg2 Qe3 55. Qe4 Qf2+ 56. Qg2 Qe3 57. Bb7 Qe6 58. Qd5 Qe3 59. Qd8+ Kg7 60. Qb6 Qa3 61. a6 Bxa6 62. Bxa6 Qa2+ 63. Kh3 Qa1 64. Bb7 h5 65. Qe3 Qf1+ 66. Bg2 Qf5+ 67. Kh2 Qf6 68. Bd5 Qb2+ 69. Kh3 Qf6 70. Kg2 Kg8 71. Qf4 Qe7 72. Kf3 Kg7 73. Qd4+ Kg8 74. Kf4 Qc7+ 75. Qe5 Qc1+ 76. Qe3 Qc7+ 77. Kf3 Kg7 78. Qd4+ Kg8 79. Qf6 Kf8 80. Be4 Qd7 81. Qe5 Qd1+ 82. Kf2 Qd2+ 83. Kf3 Qd1+ 84. Ke3 Qe1+ 85. Kd3 Qd1+ 86. Kc4 Qa4+ 87. Kc5 Qa5+ 88. Kd6 Qb4+ 89. Kd7 Qa4+ 90. Kd8 Kg8 91. Qe8+ Qxe8+ 92. Kxe8 Kg7 93. Ke7 f6 94. Bf3 f5 95. Ke6 g5 96. hxg5 1-0

[Event "ARM-ch 1st League 79th"]
[Site "Yerevan"]
[Date "2017.01.18"]
[Round "7"]
[White "Petrosian, Tigran L"]
[Black "Ter Sahakyan, Samvel"]
[Result "1-0"]
[WhiteElo "2592"]
[BlackElo "2582"]
[PlyCount "141"]
[EventDate "2017.01.12"]
[EventType "tourn"]
[EventRounds "9"]
[EventCountry "ARM"]
[EventCategory "14"]
[SourceTitle "CBM 177"]
[Source "ChessBase"]
[SourceDate "2017.03.16"]
[SourceVersion "1"]
[SourceVersionDate "2017.03.16"]
[SourceQuality "1"]

1. Nf3 d5 2. g3 Nf6 3. Bg2 e6 4. O-O Be7 5. d3 O-O 6. Nbd2 a5 7. a4 b6 ({RR} 7... Nc6 8. c3 b6 9. Qc2 Ba6 10. Rd1 Nd7 11. Nb3 Nc5 12. Nbd4 Bb7 13. e4 Nxd4 14. Nxd4 Qd7 15. Be3 Rfd8 16. h4 e5 17. Nf5 Bf8 18. h5 Ne6 19. d4 exd4 20. Bxd4 Nxd4 21. Rxd4 g6 22. Ne3 {Onischuk,V (2609)-Peyrer,K (2415) Germany GER 2025 1-0 (39)}) ({RR} 7... Nc6 8. b3 e5 9. e4 dxe4 10. dxe4 Bc5 11. Bb2 Qe7 12. Nc4 Bg4 13. Qe1 Bxf3 14. Bxf3 Nd4 15. Bd1 h5 16. c3 Nc6 17. Bc1 Qe6 18. Kg2 g6 19. Rb1 Kg7 20. h4 Rfd8 21. Bg5 Rd7 22. Qe2 {Gabuzyan,H (2585)-Ter Sahakyan,S (2582) Yerevan 2017 0-1 (37)}) 8. Re1 $146 ({RR} 8. b3 Bb7 9. Bb2 Nbd7 10. Re1 Qc8 11. e4 dxe4 12. dxe4 Nc5 13. e5 Nd5 14. Qe2 Nb4 15. Nc4 Be4 16. Nd4 Bxg2 17. Kxg2 Rd8 18. Nb5 Qb7+ 19. f3 h5 20. h4 Rd7 21. Rad1 Rad8 22. Bc1 Nd5 {Vachier Lagrave,M (2758)-Firouzja,A (2759) chess24.com INT 2021 ½-½ (60)}) ({RR} 8. b3 Bb7 9. Bb2 Nbd7 10. Re1 Qc8 11. e4 dxe4 12. dxe4 Nc5 13. e5 Nd5 14. Qe2 Nb4 15. Nc4 Be4 16. Nd4 Bxg2 17. Kxg2 Rd8 18. Nb5 Qb7+ 19. f3 h5 20. h4 Rd7 21. Rad1 Rad8 22. Bc1 Nd5 {Vachier Lagrave,M (2758)-Firouzja,A (2759) chess24.com INT 2021 ½-½ (60)}) 8... Bb7 9. c3 Nbd7 10. Qc2 e5 11. e4 dxe4 12. dxe4 Bc5 13. h3 Qe7 14. Nh4 Rfd8 15. Bf1 Qe6 16. Ndf3 h6 17. g4 Bf8 18. g5 Nh7 19. gxh6 g6 20. b3 Be7 21. Re3 Bc5 22. Bc4 Qf6 23. Re1 Ndf8 24. Kh2 Ba6 25. Bxa6 Rxa6 26. Rg1 Raa8 27. Rg4 Rd7 28. b4 axb4 29. cxb4 Bd4 30. Ra3 Ne6 31. Kg2 c5 32. b5 Kh8 33. Nxd4 Nxd4 34. Qa2 Qd6 35. Nf3 Nf6 36. Ng5 Rf8 37. Rgg3 Nh5 38. Rgd3 Qf6 39. h4 Nf4+ 40. Bxf4 Qxf4 41. Rg3 Qxh4 42. Rae3 Qf4 43. a5 bxa5 44. b6 Qf6 45. Qxa5 Qd6 46. Rc3 Rc8 47. Qa2 Rf8 48. Ra3 f6 49. Nf3 Ne6 50. Nh4 Nf4+ 51. Kh2 Kh7 52. Ra7 Rfd8 53. Qa4 c4 54. Qb5 Qd2 55. Ng2 c3 56. Rxd7+ Qxd7 57. Qxd7+ Rxd7 58. Nxf4 exf4 59. Rxc3 Kxh6 60. Rb3 Rb7 61. Kg2 Kh5 62. Kf3 g5 63. Rb1 Kg6 64. Kg4 Kf7 65. Kf5 Ke7 66. Rb5 Kf7 67. f3 Ke7 68. e5 fxe5 69. Rxe5+ Kd6 70. Rb5 Kc6 71. Rb1 1-0

[Event "Florianopolis op 3rd"]
[Site "Florianopolis"]
[Date "2017.01.25"]
[Round "9"]
[White "Bachmann, Axel"]
[Black "Shirov, Alexei"]
[Result "1-0"]
[WhiteElo "2628"]
[BlackElo "2683"]
[PlyCount "119"]
[EventDate "2017.01.20"]
[EventType "swiss"]
[EventRounds "10"]
[EventCountry "BRA"]
[SourceTitle "CBM 176 Extra"]
[Source "ChessBase"]
[SourceDate "2017.03.02"]
[SourceVersion "1"]
[SourceVersionDate "2017.03.02"]
[SourceQuality "1"]

1. Nf3 d5 2. g3 g6 3. Bg2 Bg7 4. O-O Nf6 5. d3 O-O 6. Nbd2 Nc6 7. e4 e5 8. exd5 Nxd5 9. Re1 Re8 10. c3 ({RR} 10. a3 a5 11. Rb1 a4 12. c4 Nf6 13. b4 axb3 14. Rxb3 Bf5 15. Bb2 Nd7 16. Nh4 Nc5 17. Nxf5 gxf5 18. Rxb7 Ra6 19. Rb5 Nxd3 20. Rd5 Nxb2 21. Rxd8 Rxd8 22. Qh5 Nd4 23. Bd5 Rf8 24. Nf3 Rh6 {Bachmann,A (2649)-Bartel,M (2260) Biel 2016 1-0 (36)}) 10... a5 11. a4 ({RR} 11. h3 Nde7 12. Nc4 Nf5 13. Ng5 Ra6 14. a4 h6 15. Ne4 b6 16. Qb3 Ra7 17. Be3 Qd7 18. Rad1 Bb7 19. Qb5 Kh8 20. Qb3 Ba8 21. Bc1 Nd8 22. Na3 Bd5 23. Qc2 Ra8 24. Nc4 Bc6 25. b3 Nb7 {Shevchenko,K (2684)-Rapport,R (2745) Warsaw POL 2023 0-1 (57)}) 11... h6 12. Nc4 Nb6 $146 ({RR} 12... Kh7 13. Qc2 f6 14. b3 Be6 15. Bb2 Qd7 16. Rad1 Bh3 17. Bh1 Bg4 18. Rb1 Rad8 19. Nfd2 Nde7 20. Ne4 b6 21. f3 Be6 22. Rbd1 Nd5 23. Bc1 Qf7 24. Nf2 Bf8 25. Bg2 {½-½ (25) Viglundsson,B-Van Dop,A (2290) Graz 1972}) ({RR} 12... Bf5 13. Nh4 Be6 14. Nf3 f6 15. Ne3 Kh7 16. d4 e4 17. Nd2 Nxe3 18. Rxe3 f5 19. Re1 Qd7 20. Nf1 Qf7 21. Be3 Rad8 22. Qc1 Ne7 23. f3 exf3 24. Bxf3 Nd5 25. Bf2 f4 26. Nd2 Bh3 27. Re4 {Shvedov,S (2331)-Karpatchev,A (2477) Novgorod 1999 0-1 (49)}) 13. Nxb6 cxb6 14. Be3 Be6 15. Nd2 f5 16. Nc4 Bxc4 17. dxc4 e4 18. Qxd8 Raxd8 19. Red1 Ne5 20. Bf1 Rxd1 21. Rxd1 Re6 22. Rd8+ Kf7 23. Rb8 Re7 24. Bxb6 Nf3+ 25. Kh1 Rd7 26. Rd8 Rxd8 27. Bxd8 Ne1 28. Bb6 Bf8 29. f4 g5 30. Kg1 gxf4 31. gxf4 Bd6 32. Kf2 Nf3 33. Kg3 Nd2 34. Be2 Nb3 35. Bd1 Nc5 36. Bc2 Ke7 37. h4 Kd7 38. Bxa5 Ne6 39. Bb6 Bxf4+ 40. Kf2 Bc1 41. b4 Bb2 42. b5 Bxc3 43. Ke3 Bb4 44. a5 Bc5+ 45. Bxc5 Nxc5 46. Kf4 Ke6 47. b6 Kf6 48. Bd1 Ke6 49. Bh5 Nd3+ 50. Ke3 Nc5 51. Be8 Kd6 52. Bg6 Ke6 53. Bh7 Ke5 54. Bg8 f4+ 55. Ke2 Kd6 56. Bd5 Nb3 57. Bxb7 Nxa5 58. Bxe4 Nxc4 59. b7 Kc7 60. Kf3 1-0